00734nam a22002057a 450000500170000001000270001702000260004403500250007003700090009508200080010410000320011224500440014425000060018826000090019430000200020394200220022399900190024595201250026495201390038920240508160852.0 aENG-140128, ENG-140129 c150.00a9781647608897 aEN-123660, EN-123661 bDBAD a881 aSahoo, Prabhat Kumar965975 aYour Identity/cBy Prabhat Kumar Sahoo  a1 c2020 a116p.c21cm(pb) 2ddccENh881mSAH c202100d202100 001040708FICaAVbAVd2024-04-10eDBADg150.00l0o881 SAHpEN-123660r2024-04-10 00:00:00t1v150.00w2024-04-10yEN 001040708FICaBL4bBL4d2024-04-10eDBADg150.00l1o881 SAHpEN-123661r2025-03-19 00:00:00s2025-02-28t1v150.00w2024-04-10yEN